00744cam a2200205 a 450000100100000000500170001000800410002704000230006808200180009110000310010924500660014026000390020630000200024558600330026565000340029865000360033291000340036895201210040299900150052300000485220200929151523.0850930s1983 nq 001 p spa  aDO-SdBNPcDLCdDLC aN861.6bR672p1 aRocha, Luis,d1942-91407310aPhocas :bversiones/interpretaciones 1962-1982 /cLuis Rocha. aManagua :bNueva Nicaragua,c1983. a86 p. ;c21 cm. aPremio Rubén Darío, 1983 4aPoesía nicaragüense98179 4aLiteratura nicaragüense98122 aCatalogación por copia / LC 001052708MOaGRbGRcCTd2009-07-27iLF1l0oN861.6 R672pp4852-10r2020-06-25w2020-06-25y2ZPréstamo interno c4658d4658